| 000 | 00757nam a2200229 i 4500 | ||
|---|---|---|---|
| 003 | DO-SdBNP | ||
| 005 | 20250801093958.0 | ||
| 007 | ta | ||
| 008 | 250801b2007 dr ac||| |||| 00| 0 spa d | ||
| 040 |
_aDO-SdBNP _bspa _cBNPHU _erda |
||
| 041 | _aspa | ||
| 082 | 4 |
_axxx _b627e _222 |
|
| 245 | 0 | 0 | _aDirectorio de exportadores de la República Dominicana. |
| 246 | _aExport directory of the dominican republic 2007 | ||
| 264 | 1 |
_aSanto Domingo : _bCentro de Exportación e Inversión de la República Dominicana, _c2007. |
|
| 300 |
_a271 páginas : _bilustraciones, retratos _c28 cm. |
||
| 336 |
_atexto _btxt _2rdacontent |
||
| 337 |
_asin mediación _bn _2rdamedia |
||
| 338 |
_avolumen _bnc _2rdacarrier |
||
| 590 | _aInventariado, 2025/BT | ||
| 942 |
_2ddc _cLBS1 |
||
| 999 |
_c59705 _d59705 |
||